000 00384 a2200169 4500
001 73333
020 _a8526264427
040 _cAnchieta - Colégio São Paulo
100 _aDrummond, Regina
240 1 0 _aDestino: Transilvânia
_lpor
245 1 0 _aDestino: Transilvânia
300 _a246
362 0 _a2006
440 1 _aScipione
650 4 _aFicção brasileira
942 _cBK
999 _c73333
_d73333